Catálogo
 En Linea

Communism / (Registro nro. 36290)

Detalles MARC
000 -CABECERA
campo de control de longitud fija 00495nam a2200169 a 4500
001 - NÚMERO DE CONTROL
campo de control 000036799
005 - FECHA Y HORA DE LA ÚLTIMA TRANSACCIÓN
campo de control 20200930075937.0
008 - DATOS DE LONGITUD FIJA--INFORMACIÓN GENERAL
campo de control de longitud fija 120201s1967 xxu 000 0 spa d
040 ## - FUENTE DE LA CATALOGACIÓN
Centro catalogador/agencia de origen DO-SdBNP
Lengua de catalogación spa
Centro/agencia transcriptor BNPHU
100 1# - ENTRADA PRINCIPAL--NOMBRE DE PERSONA
Nombre de persona Meyer, Alfred G.
9 (RLIN) 63140
245 10 - MENCIÓN DE TÍTULO
Título Communism /
Mención de responsabilidad, etc. Alfred G. Meyer.
250 ## - MENCIÓN DE EDICIÓN
Mención de edición 3a ed.
260 ## - PUBLICACIÓN, DISTRIBUCIÓN, ETC.
Lugar de publicación, distribución, etc. New York :
Nombre del editor, distribuidor, etc. Random House ,
Fecha de publicación, distribución, etc. 1967.
300 ## - DESCRIPCIÓN FÍSICA
Extensión 241 p. : ;
Dimensiones 18 cm.
490 1# - MENCIÓN DE SERIE
Mención de serie Studies in political science
Designación de volumen o secuencia 34
830 #0 - PUNTO DE ACCESO ADICIONAL DE SERIE-TÍTULO UNIFORME
Título uniforme Studies in political science
Número de parte o sección de la obra 34
9 (RLIN) 63141
Existencias
Estado de retiro Estado de pérdida Restricciones de uso No para préstamo Código de colección Localización permanente Ubicación/localización actual Ubicación en estantería Fecha de adquisición Número de inventario Total de préstamos Signatura topográfica completa Código de barras Fecha visto por última vez Precio válido a partir de Tipo de ítem Koha
      Excluido de préstamo Monografías: Libros y Folletos General General Depósito 01.02.2012 LF1   36799-10 25.06.2020 25.06.2020 No se presta

Con tecnología Koha